[Event "Chargers-Pawns"]
[Site "?"]
[Date "1999.11.29"]
[Round "?"]
[White "Radavicius, E"]
[Black "Logan, H"]
[Result "1-0"]
[WhiteElo "1617"]
[BlackElo "1222"]
[PlyCount "59"]
[EventDate "1999.??.??"]

1. e4 e5 2. Bc4 Nf6 3. d3 d5 4. exd5 Be7 5. Nc3 Nbd7 6. Be3 Nb6 7. Bxb6 axb6 8.
h3 O-O 9. Nf3 Bd6 10. O-O Bd7 11. a3 b5 12. Nxb5 c6 13. Nxd6 cxd5 14. Ba2 Qb6
15. Nxf7 Rxf7 16. Nxe5 Re7 17. Nxd7 Rxd7 18. b4 Kf8 19. Bb3 Qd8 20. b5 b6 21.
a4 Qc7 22. Qd2 Kg8 23. Rae1 h6 24. Re2 Kh8 25. Rfe1 Qb7 26. Re6 Rdd8 27. Qf4
Nd7 28. Re7 Rf8 29. Qg4 Rad8 30. Qxg7# 1-0

[Event "Pawns-Chargers"]
[Site "?"]
[Date "1999.11.29"]
[Round "?"]
[White "Weisner, T"]
[Black "Dobr, K"]
[Result "0-1"]
[WhiteElo "1118"]
[BlackElo "1489"]
[PlyCount "53"]
[EventDate "1999.??.??"]

1. Nf3 Nf6 2. Nc3 e6 3. e4 Bb4 4. a3 Bxc3 5. bxc3 a6 6. d3 d6 7. Rb1 O-O 8. Be2
e5 9. O-O h6 10. Bb2 Nc6 11. Qd2 Ne7 12. Ne1 d5 13. exd5 Qxd5 14. c4 Qd6 15.
Qe3 Ng6 16. Qg3 Nh5 17. Qf3 Nhf4 18. g3 Nxe2+ 19. Qxe2 Bh3 20. Qe4 Bxf1 21. Qd5
Qxd5 22. cxd5 Bh3 23. Nf3 Rfe8 24. c4 Bf5 25. Ne1 e4 26. d4 e3 27. fxe3 0-1

[Event "Exemplars-Northrop"]
[Site "?"]
[Date "1999.11.30"]
[Round "?"]
[White "Benesa, A"]
[Black "Minin, S"]
[Result "1-0"]
[WhiteElo "2287"]
[BlackElo "2152"]
[PlyCount "109"]
[EventDate "1999.??.??"]

1. Nf3 Nf6 2. g3 g6 3. Bg2 Bg7 4. O-O O-O 5. c4 d6 6. d4 Nbd7 7. Nc3 c5 8. b3
a6 9. Bb2 Rb8 10. a4 b6 11. Qd2 cxd4 12. Nxd4 Bb7 13. Nc6 Bxc6 14. Bxc6 Nc5 15.
Qc2 Qc7 16. Bf3 Rfc8 17. Rfc1 Bh6 18. e3 Qd7 19. b4 Ne6 20. Qe2 a5 21. bxa5
bxa5 22. Nb5 Nc5 23. Bxf6 exf6 24. Rd1 Rb6 25. Ra3 Bf8 26. Qd2 Ra6 27. Nc3 f5
28. Rb1 Bg7 29. Nd5 Qd8 30. Rb5 Ne4 31. Qe2 Rac6 32. Rb7 Bf8 33. Bxe4 fxe4 34.
Qb2 Bg7 35. Qb1 Bf6 36. Qxe4 Rxc4 37. Qf3 Kg7 38. Kg2 Rc1 39. Rd3 Ra1 40. Rd4
Rcc1 41. Qxf6+ Qxf6 42. Nxf6 Kxf6 43. Rb6 Ra2 44. Rbxd6+ Ke7 45. Rd7+ Ke6 46.
Ra7 Rc5 47. Re4+ Kd5 48. Rf4 f5 49. Rxh7 Ke5 50. h4 Rb2 51. g4 Rb4 52. Rxb4
axb4 53. Rb7 Rc6 54. gxf5 gxf5 55. Rb5+ 1-0

[Event "Northrop-Exemplars"]
[Site "?"]
[Date "1999.11.30"]
[Round "?"]
[White "Walker, A"]
[Black "Inumerable, F"]
[Result "0-1"]
[WhiteElo "1680"]
[BlackElo "2282"]
[PlyCount "60"]
[EventDate "1999.??.??"]

1. Nf3 d5 2. c4 c6 3. b3 Bf5 4. Bb2 e6 5. g3 h6 6. Bg2 Nf6 7. O-O Bd6 8. d3 O-O
9. Nbd2 Bh7 10. Ne5 Qc7 11. f4 Bxe5 12. Bxe5 Qb6+ 13. c5 Qxc5+ 14. d4 Qe7 15.
e4 Nxe4 16. Nxe4 Bxe4 17. Bxe4 dxe4 18. Qe2 Na6 19. f5 f6 20. Bf4 exf5 21. Qh5
Nb4 22. Qxf5 Nd5 23. Rfe1 Rfe8 24. Re2 Qe6 25. Qg6 f5 26. Qxe6+ Rxe6 27. Be5 e3
28. Kg2 g5 29. h4 gxh4 30. Rh1 hxg3 0-1

[Event "Exemplars-Northrop"]
[Site "?"]
[Date "1999.11.30"]
[Round "?"]
[White "Gazmen, E"]
[Black "Vigants, A"]
[Result "1-0"]
[WhiteElo "2131"]
[BlackElo "1546"]
[PlyCount "97"]
[EventDate "1999.??.??"]

1. e4 c5 2. c3 d6 3. d4 cxd4 4. cxd4 g6 5. Be3 Bg7 6. Nc3 Nf6 7. f3 O-O 8. Qd2
Nc6 9. Nge2 b6 10. g4 Re8 11. h4 e5 12. O-O-O Bb7 13. h5 Rc8 14. d5 Nb4 15. Kb1
Na6 16. Ng3 Nc5 17. Bh6 a6 18. hxg6 fxg6 19. Bxg7 Kxg7 20. Qh6+ Kg8 21. g5 Rc7
22. gxf6 Qxf6 23. Be2 Rf8 24. Rdg1 Rg7 25. Rh4 Bc8 26. Nd1 b5 27. Ne3 Nb7 28.
Ng4 Qe7 29. Rh2 Nd8 30. Qe3 Qc7 31. Nh6+ Kh8 32. Rc1 Qb8 33. Bf1 Nb7 34. Rhc2
Nc5 35. b4 Na4 36. Be2 Nb6 37. Ka1 Re7 38. Qg5 Rg7 39. Nf1 Nd7 40. Rc7 Nf6 41.
Rxg7 Kxg7 42. Qe3 Nh5 43. Ng4 Nf4 44. Nd2 Nxe2 45. Qxe2 Qa7 46. Qe3 Qb7 47. Rc6
Rf7 48. Nb3 Qe7 49. Qh6+ 1-0

[Event "Northrop-Exemplars"]
[Site "?"]
[Date "1999.11.30"]
[Round "?"]
[White "Elek, G"]
[Black "Cumberland, M"]
[Result "0-1"]
[WhiteElo "1106"]
[BlackElo "1359"]
[PlyCount "94"]
[EventDate "1999.??.??"]

1. e4 d6 2. Nc3 e6 3. Nf3 Nd7 4. Bc4 b6 5. O-O Bb7 6. d4 Ne7 7. Qe2 Qc8 8. a4
a6 9. b4 h6 10. b5 a5 11. d5 e5 12. Qe1 g6 13. Ne2 Bg7 14. Bd3 Ng8 15. c4 Ngf6
16. h3 Qd8 17. Be3 O-O 18. Qd2 Kh7 19. Nh2 Rh8 20. f4 Qe7 21. fxe5 Nxe5 22. Bc2
Rae8 23. Rf2 Nxc4 24. Qc3 Nxe3 25. Qxe3 Nxe4 26. Qxe4 Qxe4 27. Bxe4 Rxe4 28.
Rc1 Rf8 29. Rxc7 Bxd5 30. Nc3 Bxc3 31. Ng4 Bd4 32. Kf1 Bxf2 33. Nf6+ Kg7 34.
Nxe4 Bxe4 35. Kxf2 Rb8 36. Rc4 d5 37. Rc7 Re8 38. Rb7 Re6 39. g3 d4 40. Rb8 Bc2
41. Rd8 d3 42. h4 f5 43. Rd7+ Kf6 44. Rd5 Bxa4 45. Rxd3 Bxb5 46. Rb3 Re5 47.
Rb2 Re2+ 0-1

[Event "LBurn-Reader"]
[Site "LB Library"]
[Date "1999.10.28"]
[Round "?"]
[White "Duffy, J"]
[Black "Sullivan, C"]
[Result "1-0"]
[WhiteElo "1697"]
[BlackElo "1543"]
[PlyCount "117"]
[EventDate "1999.??.??"]

1. d4 d5 2. Nf3 Nf6 3. Bg5 Nc6 4. Nbd2 Bf5 5. c3 Ne4 6. Bf4 g5 7. Nxg5 Nxg5 8.
Bxg5 h6 9. Bh4 Qd6 10. Bg3 Qd7 11. Nf3 Be4 12. e3 a6 13. Bd3 Qg4 14. Bxe4 Qxe4
15. O-O O-O-O 16. Qe2 f6 17. Rac1 h5 18. Nh4 e5 19. Qf3 Qxf3 20. Nxf3 e4 21.
Nh4 Ne7 22. f3 f5 23. fxe4 fxe4 24. Rf7 Rg8 25. Rcf1 b6 26. Rh7 a5 27. Rxh5 Kb7
28. Rf7 Rc8 29. Rhh7 a4 30. Rxe7 Bxe7 31. Rxe7 Kc6 32. Rf7 Rgd8 33. Nf5 Rd7 34.
Rxd7 Kxd7 35. Bf4 Ke6 36. g4 c5 37. Be5 b5 38. Nd6 Rc6 39. Nxb5 Rb6 40. Nc7+
Kf7 41. Nxd5 Rxb2 42. dxc5 Ke6 43. c6 Rxa2 44. c7 Ra1+ 45. Kg2 Kxe5 46. Nb6 Kf6
47. c8=Q a3 48. Qf5+ Kg7 49. c4 Ra2+ 50. Kg3 Rb2 51. Qa5 Ra2 52. c5 Kh7 53. Nc4
Kg7 54. c6 Kf7 55. c7 Ke7 56. c8=Q Rg2+ 57. Kxg2 a2 58. Qc6 a1=Q 59. Qd6+ 1-0

[Event "Reader-LBurn"]
[Site "LB Library"]
[Date "1999.10.28"]
[Round "?"]
[White "Turner, K"]
[Black "Sossi, M"]
[Result "1-0"]
[WhiteElo "1455"]
[BlackElo "1469"]
[PlyCount "53"]
[EventDate "1999.??.??"]

1. e4 d6 2. f4 Nf6 3. Nc3 g6 4. Bc4 Bg7 5. e5 Nh5 6. d4 Bh6 7. Qf3 dxe5 8. fxe5
Qxd4 9. Bxf7+ Kd8 10. Bxh6 Qxe5+ 11. Nge2 Nc6 12. O-O-O+ Bd7 13. g4 Ng7 14. Rd5
Rf8 15. Rxe5 Nxe5 16. Qxb7 Rc8 17. Bxg7 Rxf7 18. Bxe5 Bxg4 19. Qxa7 Ke8 20. Rd1
c6 21. b3 e6 22. Qd4 Bf5 23. Ne4 Kf8 24. Qc5+ Kg8 25. Nd6 Ra8 26. Nxf7 Rxa2 27.
Nh6# 1-0

[Event "BankAm-LBurn"]
[Site "?"]
[Date "1999.09.??"]
[Round "?"]
[White "Losoff, A"]
[Black "Eaman, R"]
[Result "1-0"]
[WhiteElo "1854"]
[BlackElo "1739"]
[PlyCount "197"]
[EventDate "1999.??.??"]

1. e4 e6 2. d3 d5 3. Nd2 d4 4. f4 Bb4 5. Ngf3 Ne7 6. g3 { } 6... f5 {Black has 
a good game without this and gives opponent early targets at e6 and f5} 7. Qe2
Bd7 8. Bg2 Bc6 9. O-O Bc5 10. Ng5 Qd7 11. exf5 { } 11... Nxf5 {
simply drops a Pawn} 12. Qxe6+ Qxe6 13. Nxe6 13... Bxg2 { } 14. Re1 (14. Nxc7+
$2 14... Kd7 15. Nxa8 Bxf1 16. Nxf1 16... Nc6 {and White loses the N at a8}) (
14. Kxg2 {allows} 14... Ne3+ {forking}) 14... Ne3 { } 15. Nxc5 {The Bishop is
more active than Rook now. Also N at e3 is pinned, causing weakness of B at g2
and d-Pawn} (15. Nxc7+ 15... Kd7 {unpins N at e3} 16. Nxa8 16... Nxc2 { } 17.
Re2 (17. Re5 Bd6) 17... Nxa1 18. Kxg2 18... Nc2 {
and Black once again wins N at a8}) 15... Bd5 16. Nc4 O-O 17. Nxe3 dxe3 18.
Bxe3 {White has won a second Pawn and can simply double Rooks on e-file then
provoke exchanges.} 18... b6 19. Ne4 19... Nc6 { } 20. Nc3 (20. c4 {
gets the Pawns rolling} 20... Bf7 21. Ng5 Bg6 22. Ne6 Rf7 23. d4 { } 23... Nb4
24. Re2 Re7 25. d5 Bd3 26. Rd2 Bf5 27. a3) 20... Bf7 21. a3 (21. Re2 {
prepares to double and covers c2, making Nb4 useless}) 21... a6 22. Ne4 h6 23.
Nf2 {  what is Knight's future?} 23... Rfe8 24. Bd2 24... Nd4 {
Black has found an opportunity! Threatens both Nxc2 and Nf3+ forks} 25. Rxe8+
Rxe8 26. Bc3 Nxc2 27. Rc1 Ne3 28. Be5 c5 29. Ne4 { Black has won back a Pawn.
The game is almost even since the extra Pawn is easily blocked. Black should
pressure weak P at e3 and pile up on the light squares f5,g4,h3. White would
have trouble breaking positon.} 29... Bd5 (29... Rd8 30. Nf2 30... Be6 { } 31.
Re1 Nf5 (31... Ng4 $2 32. Bxg7 $1 {idea: Nxg4, then Bxh6} 32... Kxg7 33. Rxe6 {
White wins} 33... Nxf2 34. Kxf2 Rxd3 35. Rxb6) 32. g4 { } (32. Bxg7 $2 32...
Nxg7) 32... Nh4 {with Nf3 fork threat} (32... Nd4 33. Bxd4 {Wh wins a piece})
33. Re3 33... Bd5 { Black has built solid pressure. Main threat is still Nf3+}
34. Ne4 (34. Bc3 Nf3+ 35. Kh1 (35. Kf1 Nxh2+ 36. Ke2 {strands N at h2}) 35...
Nd2+ { } 36. Kg1 (36. Ne4 $2 36... Nxe4 37. dxe4 37... Re8 {wins a Pawn}))
34... Bxe4 35. dxe4 Rd1+ 36. Kf2 Ng6 37. Bc7) 30. h3 30... Bb3 {
putting Bishop far away from the action} 31. Rc3 Ba4 32. b4 32... Nd5 { } 33.
bxc5 $1 {White cleverly creates winning ending} 33... Nxc3 34. Nxc3 34... b5 { 
} 35. c6 $2 (35. Nxa4 {
since Black needs both K and R to stop Pawn duo, White's King is free to roam!}
35... bxa4 36. Kf2 { } 36... Kf7 (36... Rc8 37. d4 Kf7 38. Ke3 38... g6 {
same as B line} (38... g5 39. f5)) 37. Ke3 { } 37... g6 38. Ke4 Ke6 39. d4 { }
39... Rd8 (39... Kd7 40. d5) 40. c6 Rc8 (40... Rd5 $2 41. c7) 41. d5+ Kf7 42.
Kd4 {and queens or wins a-Pawns.}) 35... Bb3 36. d4 36... Be6 { } 37. d5 $2 (
37. Kg2 {followed by g4 and Kf3-e4-d5}) 37... Bxh3 38. d6 Kf7 39. d7 Bxd7 40.
cxd7 Rd8 41. Ne4 Rxd7 42. Bd6 Ke6 43. Bb4 {
White's two pieces give him an edge. Main threat here is Nc5+ fork K and P/R}
43... Rd1+ 44. Kf2 44... Kf5 { } 45. Ke2 (45. Nc5 45... Rd6 {
keeps R occupied, but White can't hardly move!}) 45... Ra1 46. Nf2 46... a5 { }
47. Bf8 (47. Bxa5 47... Rxa3 {gives Black a scary passer}) 47... Kg6 48. Nd3 {
Ke3 or g4 gain space} 48... Kf7 49. Bc5 h5 50. Kd2 Ra2+ 51. Kc3 { } 51... a4 $2
{queenside is now weak} (51... Rg2 52. Bf2 {
ties White down completely, Black's King is free to roam!} 52... Ke6 53. Kd4
Kf5 54. Ke3 54... g5 {reduces White's chances}) 52. Nb2 Kf6 53. Kc2 {
threatening Kb1 trapping R} 53... b4 (53... Ra1 54. Nd1 Ra2+ 55. Nb2 {draws})
54. Bxb4 54... Kf5 $6 55. Kb1 { } 55... Rxa3 {deflects B from covering g3 Pawn}
(55... Rxb2+ 56. Kxb2 Kg4 57. Be1 Kf3 58. Kc2 Ke2 59. Bc3 g6 60. Be5 { } 60...
Kf3 61. Kc3 {Wh wins since} 61... Kxg3 62. f5+ $1 {wins}) 56. Bxa3 Kg4 57. Nd3
Kxg3 58. Bd6 h4 59. Nc5 h3 60. Ne6 h2 61. f5+ Kg4 (61... Kg2 62. Bxh2 Kxh2 63.
Nxg7) 62. Bxh2 Kxf5 63. Nxg7+ 63... Ke4 { and White mated move 99} 64. Kb2 a3+
65. Ka2 Kd5 66. Nf5 Ke4 67. Nd6+ Kd5 68. Bf4 Kd4 69. Kxa3 Kc5 70. Ka4 Kd5 71.
Kb5 Kd4 72. Kc6 Kd3 73. Kd5 Ke2 74. Ke4 Kf2 75. Nf5 Ke2 76. Bg3 Kf1 77. Kf3 Kg1
78. Bf2+ Kh1 79. Be3 Kh2 80. Ng3 Kh3 81. Bg1 Kh4 82. Ne4 Kh5 83. Kf4 Kg6 84.
Ng5 Kf6 85. Bc5 Kg6 86. Bd4 Kh5 87. Kf5 Kh6 88. Ne6 Kh5 89. Bf2 Kh6 90. Bg3 Kh5
91. Ng7+ Kh6 92. Kf6 Kh7 93. Bf4 Kg8 94. Kg6 Kf8 95. Bd6+ Kg8 96. Nf5 Kh8 97.
Be7 Kg8 98. Nh6+ Kh8 99. Bf6# 1-0

[Event "Excaliburs-Exemplars"]
[Site "?"]
[Date "1999.12.07"]
[Round "?"]
[White "Sullivan, J"]
[Black "Benesa, A"]
[Result "0-1"]
[WhiteElo "1928"]
[BlackElo "2287"]
[PlyCount "64"]
[EventDate "1999.??.??"]

1. d4 Nf6 2. c4 g6 3. Nc3 d5 4. e3 Bg7 5. Nf3 O-O 6. Be2 c5 7. O-O cxd4 8. exd4
Nc6 9. cxd5 Nxd5 10. Bc4 Nb6 11. Bb3 Nxd4 12. Nxd4 Qxd4 13. Qxd4 Bxd4 14. Ne4
Bf6 15. Re1 Bd7 16. a4 a6 17. Nc3 Bc6 18. a5 Nd7 19. Be3 e6 20. h3 Be7 21. Ba4
Bxa4 22. Nxa4 Nf6 23. Nb6 Rad8 24. Red1 Bb4 25. Nc4 Nd5 26. Bh6 Rfe8 27. Kf1 f6
28. Ke2 Kf7 29. Be3 Rc8 30. Kd3 e5 31. g3 Ke6 32. f4 e4+ 0-1

[Event "Excaliburs-Exemplars"]
[Site "?"]
[Date "1999.12.07"]
[Round "?"]
[White "Weitz, R"]
[Black "Gazmen, B"]
[Result "0-1"]
[WhiteElo "1668"]
[BlackElo "2131"]
[PlyCount "104"]
[EventDate "1999.??.??"]

1. d4 g6 2. e3 Bg7 3. Nf3 c5 4. c3 b6 5. Nbd2 Bb7 6. Be2 Nf6 7. O-O O-O 8. Rb1
Qc7 9. a4 d6 10. b4 Nbd7 11. Bb2 Rac8 12. Re1 Ne4 13. Bd3 Ndf6 14. Qe2 cxb4 15.
cxb4 Nc3 16. Bxc3 Qxc3 17. Rb3 Qc7 18. Ba6 Qd7 19. Rbb1 Rc2 20. Bxb7 Qxb7 21.
Qd3 Rfc8 22. Red1 R8c3 23. Qb5 a6 24. Qg5 h6 25. Qh4 g5 26. Qg3 Ra2 27. a5 b5
28. Ne1 Qc6 29. Qf3 d5 30. h3 Kf8 31. Ra1 Rb2 32. Rab1 Ra2 33. Ra1 Rxa1 34.
Rxa1 Rc1 35. Rxc1 Qxc1 36. Qe2 Ne4 37. Nxe4 dxe4 38. g3 e6 39. Kg2 Kg8 40. Nc2
Bf8 41. Ne1 Bxb4 42. f3 Bxe1 43. fxe4 Bxa5 44. h4 Qd2 45. Kf2 g4 46. h5 Qxe2+
47. Kxe2 Bc7 48. e5 f6 49. e4 fxe5 50. dxe5 Bxe5 51. Kf2 a5 52. Ke3 a4 0-1

[Event "Exemplars-Excaliburs"]
[Site "?"]
[Date "1999.12.07"]
[Round "?"]
[White "Sollano, E"]
[Black "Burian, D"]
[Result "1/2-1/2"]
[WhiteElo "2006"]
[BlackElo "1587"]
[PlyCount "56"]
[EventDate "1999.??.??"]

1. Nf3 Nc6 2. d3 e5 3. Nbd2 d5 4. g3 Nf6 5. Bg2 Bc5 6. O-O O-O 7. c4 Re8 8.
cxd5 Nxd5 9. a3 Bg4 10. h3 Be6 11. Ne4 Be7 12. Bd2 Qd7 13. Kh2 Rad8 14. Rc1 Nf6
15. Nxf6+ Bxf6 16. Be3 b6 17. b4 e4 18. Nd2 Bb2 19. Rb1 Bxa3 20. b5 Nd4 21.
Bxd4 Qxd4 22. Nxe4 Ra8 23. Qc2 Rac8 24. e3 Qd7 25. Qc3 Be7 26. Rfc1 Bd5 27. Qd4
c5 28. bxc6 Bxc6 1/2-1/2

[Event "Excaliburs-Exemplars"]
[Site "?"]
[Date "1999.12.07"]
[Round "?"]
[White "Brotsos, J"]
[Black "Friske, T"]
[Result "0-1"]
[WhiteElo "1543"]
[BlackElo "1997"]
[PlyCount "52"]
[EventDate "1999.??.??"]

1. e4 Nf6 2. e5 Nd5 3. c4 Nb6 4. d4 d6 5. f4 dxe5 6. fxe5 Bf5 7. Nf3 e6 8. Be2
Nc6 9. Be3 Be7 10. O-O O-O 11. Nc3 Bg4 12. h3 Bh5 13. Ne4 Bg6 14. Ng3 f5 15.
Qd2 Qd7 16. a3 Rad8 17. Rad1 Qc8 18. h4 Bf7 19. Ng5 $2 19... Nxe5 20. Nxf7 Rxf7
21. Bg5 $2 21... Nexc4 22. Qf4 $2 22... Nd5 23. Qc1 Bxg5 24. Qxg5 Nce3 25. Rxf5
exf5 26. Nxf5 Qxf5 0-1

[Event "Exemplars-Excaliburs"]
[Site "?"]
[Date "1999.12.07"]
[Round "?"]
[White "Cumberland, M"]
[Black "Suerth, F"]
[Result "0-1"]
[WhiteElo "1359"]
[BlackElo "1588"]
[PlyCount "58"]
[EventDate "1999.??.??"]

1. e3 c5 2. d3 d5 3. g3 b6 4. Bg2 Bb7 5. Ne2 Nf6 6. Nd2 Nbd7 7. b3 e6 8. Bb2
Bd6 9. Nc1 O-O 10. Ne2 Be5 11. Qc1 Qc7 12. Rg1 Rac8 13. f4 Bxb2 14. Qxb2 Ng4
15. Nf1 c4 16. dxc4 dxc4 17. Bxb7 Qxb7 18. O-O-O cxb3 19. axb3 Rfd8 20. h3 Nf2
21. Nd2 Nd3+ 22. Kb1 Nxb2 23. Kxb2 a5 24. Nc3 b5 25. Ra1 a4 26. b4 Nb6 27. Ndb1
Nc4+ 28. Kc1 Qf3 29. Na3 Qxe3+ 0-1

[Event "Dragons-Royals"]
[Site "?"]
[Date "1999.12.01"]
[Round "?"]
[White "Peijffers, S"]
[Black "Guio, J"]
[Result "0-1"]
[WhiteElo "2019"]
[BlackElo "2064"]
[PlyCount "57"]
[EventDate "1999.??.??"]

1. Nf3 d5 2. d4 Nf6 3. c4 e6 4. cxd5 exd5 5. Nc3 c6 6. Bg5 h6 7. Bh4 Bb4 8. Qc2
Nbd7 9. e3 Qa5 10. Bd3 O-O 11. O-O Re8 12. Nd2 a6 13. Rae1 b5 14. f3 Bb7 15. g4
Qc7 16. g5 hxg5 17. Bxg5 Bd6 18. Rf2 c5 19. Ne2 Rac8 20. Bf4 Bxf4 21. exf4 Nh5
22. Bh7+ Kh8 23. Bf5 Nxf4 24. Bxd7 Qxd7 25. Kh1 cxd4 26. Qb1 Qe6 27. Ne4 Qh6
28. Nxf4 Qxf4 29. Ng3 0-1

[Event "Tyros-Dragons"]
[Site "?"]
[Date "1999.12.01"]
[Round "?"]
[White "Diaz, P"]
[Black "Pehas, A"]
[Result "1-0"]
[WhiteElo "1978"]
[BlackElo "1934"]
[PlyCount "49"]
[EventDate "1999.??.??"]

1. e4 c6 2. d4 d5 3. e5 Bf5 4. Ne2 e6 5. Ng3 Bg6 6. h4 h6 7. h5 Bh7 8. Bd3 Bxd3
9. Qxd3 Qa5+ 10. Nc3 Qa6 11. Qe3 Nd7 12. Nce2 c5 13. O-O cxd4 14. Nxd4 Bc5 15.
c3 Ne7 16. Bd2 Nc6 17. f4 Qb6 18. Nge2 O-O-O 19. b4 Be7 20. a4 g5 21. hxg6 fxg6
22. a5 Qc7 23. Nxe6 Qb8 24. Nxd8 Nxd8 25. Qd3 1-0

[Event "Dragons-Tyros"]
[Site "?"]
[Date "1999.12.01"]
[Round "?"]
[White "Dobrovolny, C"]
[Black "Stoltz, R"]
[Result "1/2-1/2"]
[WhiteElo "1787"]
[BlackElo "1857"]
[PlyCount "33"]
[EventDate "1999.??.??"]

1. e4 c5 2. Nf3 d6 3. d4 cxd4 4. Nxd4 Nf6 5. Nc3 e6 6. Be3 Be7 7. Be2 Nc6 8.
Qd2 a6 9. f3 Qc7 10. O-O-O b5 11. Kb1 Bb7 12. Ncxb5 axb5 13. Nxb5 Qb8 14. Nxd6+
Qxd6 15. Qxd6 Bxd6 16. Rxd6 O-O 17. Bg5 1/2-1/2

[Event "Tyros-Dragons"]
[Site "?"]
[Date "1999.12.01"]
[Round "?"]
[White "Thomas, G"]
[Black "Blackmon, E"]
[Result "0-1"]
[WhiteElo "1544"]
[BlackElo "1787"]
[PlyCount "64"]
[EventDate "1999.??.??"]

1. e4 c5 2. Nf3 Nc6 3. d4 cxd4 4. Nxd4 Nf6 5. Nc3 e5 6. Ndb5 d6 7. Bg5 a6 8.
Bxf6 gxf6 9. Na3 b5 10. Nd5 { } 10... Bg7 11. c3 O-O 12. Nc2 f5 13. Bd3 { }
13... f4 $5 {A bit commital with White's King in the center.} 14. Qh5 14... Ne7
{ } 15. g3 {
The downside of Black's 13th...White can easily open lines for his Rooks.}
15... Ng6 16. gxf4 16... Bb7 { } 17. f5 (17. Nce3 {White can allow sac of Pf4
since it re-opens the diagonal for the Bishop at d3 (after e4 pushed, of
course.) Black can trade, but White's pressure against the light squares,
especially f5 and h7, is promising.} 17... Bxd5 18. exd5 {
opening e-file gives Black some counterplay} (18. Nxd5 $1 18... Nxf4 19. Nxf4
19... exf4 { } 20. e5 $1 20... h6 21. Qf5 $2 (21. Rg1 Kh8 (21... dxe5 22. Qxh6
{mates}) (21... Re8 22. Qxh6 Rxe5+ 23. Kd2 {is fine}) 22. Qf5 {mating} (22.
O-O-O {threat: 23 Rxg7! Kxg7 24 Rg1 mating})) 21... Re8 22. Qh7+ Kf8 23. Rg1
Rxe5+ 24. Kd2 24... Qf6 {Black looks fine!} (24... Bf6 25. Rg8+ {wins Q}))
18... exf4 (18... Nxf4 $4 19. Qxh7#) 19. Nf5 Re8+ 20. Kd2 {
and White gets at Black's King.} 20... Qb6 21. Raf1) 17... Bxd5 18. fxg6 18...
fxg6 { Now the position has transformed in Black's favor} 19. Qg4 Rf4 20. Qg3
20... Be6 { } 21. Ne3 Qf6 22. Rg1 22... Rf3 { } 23. Qg5 23... Rxf2 $1 24. Qxf6
Rxf6 25. h4 Rf3 26. Ke2 26... Raf8 { } 27. Nf5 Rh3 (27... Rxd3 $1 28. Ne7+ (28.
Kxd3 28... gxf5 {Black gets plenty for his Rook}) 28... Kf7 29. Kxd3 (29. Nxg6
29... Rh3 {Black has won a piece}) 29... Kxe7 {
The Bishop pair and probable g-file passer should be enough.}) 28. Nxg7 Kxg7
29. Rh1 29... Rff3 { White's busted, regardless.} 30. Bc2 Bc4+ 31. Kd2 (31. Ke1
$4 31... Rxh1+ {wins both Rooks}) 31... Rf2+ 32. Ke1 32... Re2+ {and mate next.
} 0-1

[Event "Dragons-Tyros"]
[Site "?"]
[Date "1999.12.01"]
[Round "?"]
[White "Eustace, D"]
[Black "Hahne, D"]
[Result "0-1"]
[WhiteElo "1669"]
[BlackElo "1520"]
[PlyCount "74"]
[EventDate "1999.??.??"]

1. e4 c6 2. d4 d5 3. Nc3 dxe4 4. Nxe4 Bf5 5. Ng3 Bg6 6. Nf3 e6 7. Bd3 Bxd3 8.
Qxd3 Nf6 9. O-O Bd6 10. Bg5 Nbd7 11. Ne4 Be7 12. b4 Nxe4 13. Bxe7 Qxe7 14. Qxe4
Nf6 15. Qe1 O-O 16. Rb1 Rac8 17. Qd2 Rfd8 18. b5 c5 19. c3 cxd4 20. cxd4 Nd5
21. Rfc1 Qe8 22. a4 Rxc1+ 23. Rxc1 Rc8 24. Rc5 b6 25. Rc2 f6 26. Qc1 Rxc2 27.
Qxc2 Qd7 28. g4 Qc7 29. Qe4 Qc8 30. g5 fxg5 31. Nxg5 Qc1+ 32. Kg2 Qxg5+ 33. Kf1
Qf5 34. Qh4 Qf6 35. Qg3 Qf4 36. Qh3 Qc1+ 37. Kg2 Nf4+ 0-1

[Event "Columbia-BankAm"]
[Site "?"]
[Date "1999.11.04"]
[Round "?"]
[White "Santiago, T"]
[Black "Kras, T"]
[Result "0-1"]
[WhiteElo "2115"]
[BlackElo "2214"]
[PlyCount "88"]
[EventDate "1999.??.??"]

1. Nf3 c5 2. g3 Nc6 3. c3 Nf6 4. Bg2 g6 5. d3 d5 6. Bf4 Bg7 7. Qd2 Bf5 8. Na3
Qd7 9. Rd1 h6 10. h4 Nh5 11. d4 cxd4 12. cxd4 Nxf4 13. gxf4 Be4 14. Bh3 e6 15.
Nc2 Bxf3 16. exf3 h5 17. b4 a6 18. a4 O-O 19. Kf1 Qe7 20. Kg2 Qf6 21. Kg3 Rfc8
22. Bf1 Rc7 23. b5 axb5 24. Bxb5 Ne7 25. Ne3 Bh6 26. Ng2 Rac8 27. Bd3 Qxd4 28.
Qa5 Qf6 29. Qb4 Nf5+ 30. Bxf5 Qxf5 31. a5 Bf8 32. Qb6 Bc5 33. Qb2 Bd6 34. Qb6
Bc5 35. Qb2 Ba7 36. Rc1 Bxf2+ 37. Qxf2 Rxc1 38. Rxc1 Rxc1 39. Qb6 Rb1 40. Qc7
Rb2 41. Ne3 Qb1 42. Qd8+ Kg7 43. f5 Qg1+ 44. Kf4 Rb4+ 0-1

[Event "BankAm-Columbia"]
[Site "?"]
[Date "1999.11.04"]
[Round "?"]
[White "Jasaitis, A"]
[Black "McAlister, K"]
[Result "1-0"]
[WhiteElo "2101"]
[BlackElo "1976"]
[PlyCount "91"]
[EventDate "1999.??.??"]

1. f4 d5 2. Nf3 d4 3. e4 dxe3 4. d4 g6 5. Bxe3 Bg7 6. Nc3 Nh6 7. Qd2 7... a6 { 
} 8. O-O-O Bg4 9. Be2 c6 10. h3 Bxf3 11. Bxf3 { Black's development is lagging}
11... Nf5 12. Bf2 e6 13. g4 Ne7 14. Bh4 { } 14... Qd7 (14... Qc7) 15. Ne4 a5
16. Rhe1 Qc7 17. Bxe7 17... Qxe7 { now e-file is full of danger} 18. f5 gxf5
19. gxf5 Nd7 20. fxe6 fxe6 21. Bh5+ Kd8 22. Ng5 22... Bh6 { } 23. Nxe6+ Qxe6
24. Rxe6 Bxd2+ 25. Rxd2 Kc7 26. d5 cxd5 27. Rxd5 { } 27... Nf8 28. Re7+ Kc6 29.
Rf5 Nd7 30. Rff7 { White will win another Pawn} 30... Rad8 31. Bg4 Nc5 32. Bf3+
32... Kb6 { } 33. c3 (33. Bxb7 Nxb7 34. Rxb7+ Kc6 35. Rxh7 {is easy enough})
33... Rhf8 34. b4 axb4 35. cxb4 Nd3+ 36. Kb1 Rxf7 37. Rxf7 { } 37... Ne5 38.
Rxb7+ Ka6 39. b5+ Ka5 40. Bc6 Nxc6 41. bxc6 Rc8 42. Rxh7 42... Rxc6 { This is a
theoretical book draw. The King blocks a-Pawn and the Black Rook keeps attacks
on the h-Pawn to tie down White's Rook, at the same time harassing opposing
King.} 43. Rh5+ Ka4 (43... Kb4 44. Kb2 Rc4 (44... Rc3 $2 45. Rh4+) 45. Rh8 (45.
h4 Re4 (45... Rc3 $2 46. Rb5+ $1 46... Kc4 47. Rc5+ $1)) 45... Re4 46. Rb8+
46... Kc5 {etc.} 47. Kc3 $2 (47. Kc2 Rh4 48. Rb3) 47... Re3+) 44. Kb2 Rc4 45.
Rg5 45... Rh4 $2 (45... Rb4+ 46. Kc3 Ka3 47. Rg4) 46. Rg4+ 1-0